Luxembourg

Enregistré dans:
Détails bibliographiques
Format: Livre
Langue:anglais
Publié: Paris OECD 2015
Collection:OECD economic surveys
Sujets:
Tags: Ajouter un tag
Pas de tags, Soyez le premier à ajouter un tag!

MARC

LEADER 00000nam a2200000 4500
001 0210726
005 20240314123128.6
020 |a 978-92-64-23065-1 
041 0 |a eng 
044 |a FR 
245 1 0 |a Luxembourg 
264 1 |a Paris  |b OECD  |c 2015 
300 |a 114 s. 
490 1 |a OECD economic surveys 
830 0 |a OECD economic surveys 
610 2 0 |a makroekonomika 
610 2 0 |a ukazovatele 
610 2 0 |a financie 
610 2 0 |a banky 
610 2 0 |a kapitál ľudský 
610 2 0 |a priemysel 
610 2 0 |a produktivita 
610 2 0 |a lesy 
610 2 0 |a podnikanie 
610 2 0 |a prostredie prírodné 
610 2 0 |a sily pracovné 
610 2 0 |a Luxembursko